00550pab a2200181 454500008004000000100002000040245008000060260000900140300001300149362001100162650003600173650002000209700002100229773001500250909001000265999001700275952007600292180718b2001 xxu||||| |||| 00| 0 eng d aKerrison, Susan aComplaints as accountability? the case of health care in the United Kingdom c2001 ap.115-33 aSpring aHealth services - Great Britain aHealth services aPollock, Allyson aPublic Law a48795 c48795d48795 00104070aIIPAbIIPAd2018-07-19pAR49223r2018-07-19w2018-07-19yAR